000 00424nam a2200145Ia 4500
008 231129s2003||||xx |||||||||||||| ||spa||
020 _a84-08-04581-4
040 _bspa
082 _a922.21 V433j
100 _aVelasco Miguel íngel
245 0 _aJuan Pablo II ese desconocido: Anécdotas humanas de un Papa fascinante
260 _c2003
264 _aPlaneta
942 _2ddc
_cBKS
999 _c16190
_d16190